Southville International School and Colleges
Your cart is empty.
  • Cart
  • Lists
    Public lists Eva Luna New books Lux_list list_1
    Your lists Log in to create your own lists
  • Log in to your account
  • Your cookies
  • Search history
Southville International School and Colleges
  • Advanced search
  • Recent comments
  • Most popular
  • Libraries

Log in to your account

Log in with GOOGLE


If you do not have an external account, but do have a local account, you can still log in:

  1. Home
  2. MARC view: Pinkalicious : school lunch
Normal view MARC view ISBD view

Pinkalicious : school lunch (Record no. 365994)

[ view plain ]
MARC details
000 -LEADER
fixed length control field 00654nam a22002177a 4500
003 - CONTROL NUMBER IDENTIFIER
control field 0
005 - DATE AND TIME OF LATEST TRANSACTION
control field 20240524102233.0
008 - FIXED-LENGTH DATA ELEMENTS--GENERAL INFORMATION
fixed length control field 240524b xxu||||| |||| 00| 0 eng d
020 ## - INTERNATIONAL STANDARD BOOK NUMBER
International Standard Book Number 9780062245908
050 ## - LIBRARY OF CONGRESS CALL NUMBER
Classification number ER
Item number Pi655 2015
082 ## - DEWEY DECIMAL CLASSIFICATION NUMBER
Classification number ER
Item number Pi655 2015
100 ## - MAIN ENTRY--PERSONAL NAME
Personal name Kann, Victoria
245 ## - TITLE STATEMENT
Title Pinkalicious : school lunch
Statement of responsibility, etc Victoria Kann
260 ## - PUBLICATION, DISTRIBUTION, ETC. (IMPRINT)
Place of publication, distribution, etc New York
Name of publisher, distributor, etc Harper Collins Children's Book
Date of publication, distribution, etc 2015
300 ## - PHYSICAL DESCRIPTION
Extent unpaged:
Other physical details colored illustrations ;
Dimensions 21cm.
650 ## - SUBJECT ADDED ENTRY--TOPICAL TERM
Source of heading or term Cake--Pictorial works--Juvenile fiction.
650 ## - SUBJECT ADDED ENTRY--TOPICAL TERM
Topical term or geographic name as entry element Color--Fiction.
650 ## - SUBJECT ADDED ENTRY--TOPICAL TERM
Topical term or geographic name as entry element Camping--Picture Books.
650 ## - SUBJECT ADDED ENTRY--TOPICAL TERM
Topical term or geographic name as entry element School--Picture Books.
942 ## - ADDED ENTRY ELEMENTS (KOHA)
Source of classification or shelving scheme Dewey Decimal Classification
Koha item type Books
Holdings
Withdrawn status Lost status Source of classification or shelving scheme Damaged status Home library Current library Shelving location Date acquired Source of acquisition Sub Shelving location Total Checkouts Full call number Barcode Date last seen Price effective from Koha item type
    Dewey Decimal Classification   Munich Library Munich Library Easy Reading Section 05/24/2024 Library Fund     ER Pi655 2015 M8697 05/24/2024 05/24/2024 Books

Pinkalicious : school lunch

APA

Kann V., . (2015). Pinkalicious : school lunch. New York: Harper Collins Children's Book.

Chicago

Kann Victoria, . 2015. Pinkalicious : school lunch. New York: Harper Collins Children's Book.

Harvard

Kann V., . (2015). Pinkalicious : school lunch. New York: Harper Collins Children's Book.

MLA

Kann Victoria, . Pinkalicious : school lunch. New York: Harper Collins Children's Book. 2015.

  • Place hold
  • Print
  • Cite
  • Add to your cart (remove)
  • Save record
    BIBTEX Dublin Core MARCXML MARC (non-Unicode/MARC-8) MARC (Unicode/UTF-8) MARC (Unicode/UTF-8, Standard) MODS (XML) RIS
  • More searches
    Search for this title in:
    Other Libraries (WorldCat) Other Databases (Google Scholar) Online Stores (Bookfinder.com) Open Library (openlibrary.org)

Exporting to Dublin Core...

SOUTHVILLE LIBRARY

Southville International School and Colleges Library

1281 Tropical Ave. Cor. Luxembourg St., BF Homes International, Las Pinas City

Tel. No. 8256374 / 252358 Loc. 117/146

Powered by Koha